<?xml version="1.0" encoding="UTF-8"?><?xml-stylesheet type="text/xsl" href="static/style.xsl"?><OAI-PMH xmlns="http://www.openarchives.org/OAI/2.0/" xmlns:xsi="http://www.w3.org/2001/XMLSchema-instance" xsi:schemaLocation="http://www.openarchives.org/OAI/2.0/ http://www.openarchives.org/OAI/2.0/OAI-PMH.xsd"><responseDate>2026-04-13T13:19:11Z</responseDate><request verb="GetRecord" identifier="oai:www.recercat.cat:2072/532806" metadataPrefix="marc">https://recercat.cat/oai/request</request><GetRecord><record><header><identifier>oai:recercat.cat:2072/532806</identifier><datestamp>2024-12-23T14:53:50Z</datestamp><setSpec>com_2072_352787</setSpec><setSpec>com_2072_351515</setSpec><setSpec>com_2072_1741</setSpec><setSpec>col_2072_352789</setSpec></header><metadata><record xmlns="http://www.loc.gov/MARC21/slim" xmlns:dcterms="http://purl.org/dc/terms/" xmlns:xsi="http://www.w3.org/2001/XMLSchema-instance" xmlns:doc="http://www.lyncode.com/xoai" xsi:schemaLocation="http://www.loc.gov/MARC21/slim http://www.loc.gov/standards/marcxml/schema/MARC21slim.xsd">
   <leader>00925njm 22002777a 4500</leader>
   <datafield ind2=" " ind1=" " tag="042">
      <subfield code="a">dc</subfield>
   </datafield>
   <datafield ind2=" " ind1=" " tag="720">
      <subfield code="a">Dawson Pell, Francesca S. E.</subfield>
      <subfield code="e">author</subfield>
   </datafield>
   <datafield ind2=" " ind1=" " tag="720">
      <subfield code="a">Senar, Juan Carlos</subfield>
      <subfield code="e">author</subfield>
   </datafield>
   <datafield ind2=" " ind1=" " tag="720">
      <subfield code="a">Hatchwell, Ben J.</subfield>
      <subfield code="e">author</subfield>
   </datafield>
   <datafield ind2=" " ind1=" " tag="260">
      <subfield code="c">2023-04</subfield>
   </datafield>
   <datafield ind2=" " ind1=" " tag="520">
      <subfield code="a">Nest material kleptoparasitism occurs when an individual steals material from another individual's nest.
Here we document 69 observations of grey herons, Ardea cinerea, removing nest material
from the nests of monk parakeets, Myiopsitta monachus. The observations coincided with
the breeding season of grey herons in Barcelona. We observed the behaviour by multiple
individuals, across two years, at multiple nests in four different monk parakeet nesting trees,
suggesting that theft of nesting material by grey herons is prevalent in this population.
The large nests of the monk parakeet may present a rich source of nesting material that
is less costly to collect than gathering nest material elsewhere. Our observations add to
the relatively limited number of reports of nest material kleptoparasitism in wild birds and
especially between heterospecifics.</subfield>
   </datafield>
   <datafield ind1="8" ind2=" " tag="024">
      <subfield code="a">http://hdl.handle.net/2072/532806</subfield>
   </datafield>
   <datafield ind1="8" ind2=" " tag="024">
      <subfield code="a">https://doi.org/10.32800/amz.2023.21.0013</subfield>
   </datafield>
   <datafield ind2="0" ind1="0" tag="245">
      <subfield code="a">Heterospecific nest material kleptoparasitism: observations of grey herons, Ardea cinerea, removing material from the nests of monk parakeets, Myiopsitta monachus</subfield>
   </datafield>
</record></metadata></record></GetRecord></OAI-PMH>